LEADER 01556nam a2200337 a 4500 001 000000128176 003 CaOOAMICUS 005 20120323120905.0 008 120323s2011 it u000 u ita r 020 $a978-88-217-3543-1 040 $aPUL$bita 082 04$a348.45 110 1 $aItalia.$0(OLS)http://pul/name/1188 245 10$aCodice del lavoro privato :$bnormativa e contrattazione collettiva /$cPierluigi Rausei, Michele Tiraboschi. 260 $aMilano :$bIpsoa ;$a[s. l.] :$bIndicitalia ;$aMilanofiori Assago :$bWolters Kluwer,$cİ2011. 300 $aXXXV, 2665 p. ;$c22 cm 500 $aIn testa al front.: Adapt. 504 $aBibliografia in nota. 650 4$aDiritto del lavoro$zItalia.$0(OLS)http://pul/subject/2593 700 1 $aRausei, Pierluigi.$0(OLS)http://pul/name/79533 700 1 $aTiraboschi, Michele.$0(OLS)http://pul/name/79534 850 $aPUL 852 $aPUL$W1$xSL Diritto e Scienze Sociali 3$y79$m348. 45 COD 2.18$j148362$qDDC 21$B146956$CPULBib$Z2$F146956 $H119201 $82 941 1 $a9 996 $6020$a978-88-217-3543-1$9(OLS)http://pul/number/149303 996 $6082$a348.45$9(OLS)http://pul/classification/373 996 $6245$aCodice del lavoro privato :$bnormativa e contrattazione collettiva$9(OLS)http://pul/title/161962 996 $6260$aMilano :$bIpsoa$9(OLS)http://pul/publisher/67046 996 $6260$a[s. l.] :$bIndicitalia$9(OLS)http://pul/publisher/81933 996 $6260$aMilanofiori Assago :$bWolters Kluwer$9(OLS)http://pul/publisher/81463 LEADER 01265nam a2200313 a 4500 001 000000129662 003 CaOOAMICUS 005 20120713145335.0 008 120713s2012 it u000 u ita r 020 $a978-88-430-6283-6 040 $aPUL$bita 082 04$a340.54 100 1 $aGiachi, Cristina.$0(OLS)http://pul/name/83018 245 10$aDiritto e giurisprudenza in Roma antica /$cCristina Giachi, Valerio Marotta. 260 $aRoma :$bCarocci,$cİ2012. 300 $a369 p. ;$c22 cm 490 1 $aDiritto e politica ;$v13 504 $aBibliografia in nota. 650 4$aDiritto romano$xStoria.$0(OLS)http://pul/subject/1406 700 1 $aMarotta, Valerio.$0(OLS)http://pul/name/23852 830 0$aDiritto e politica ;$v13.$0(OLS)http://pul/title/163892 850 $aPUL 852 $aPUL$W1$xSL Diritto e Scienze Sociali 3$y79$m340. 54 GIACR 1$j150141$qDDC 21$B148679$CPULBib$Z2$F148679 $H120209 $82 941 1 $a9 996 $6020$a978-88-430-6283-6$9(OLS)http://pul/number/150287 996 $6082$a340.54$9(OLS)http://pul/classification/477 996 $6245$aDiritto e giurisprudenza in Roma antica$9(OLS)http://pul/title/163891 996 $6260$aRoma :$bCarocci$9(OLS)http://pul/publisher/66917